[Event "Doha 2006"]
[Site "Doha"]
[Date "2006.12.07"]
[Round "2"]
[White "Shrest, B. L. (NEP)."]
[Black "Samhouri, A. (JOR)."]
[Result "0-1"]
[WhiteElo "2104"]
[BlackElo "2322"]
[PlyCount "84"]
[EventDate "2006.??.??"]
[WhiteTeam "Nepal"]
[BlackTeam "Jordanien"]
[WhiteTeamCountry "NEP"]
[BlackTeamCountry "JOR"]

1. e4 c5 2. Nf3 e6 3. d4 cxd4 4. Nxd4 Nc6 5. Nc3 Qc7 6. Be3 a6 7. Qd2 Nf6 8. f3
Ne5 9. g4 d6 10. h4 Nc4 11. Bxc4 Qxc4 12. Qe2 Qc7 13. h5 b5 14. a3 Bb7 15. g5
Nd7 16. f4 Nb6 17. Rg1 g6 18. f5 e5 19. fxg6 hxg6 20. hxg6 exd4 21. Bxd4 Rh3
22. gxf7+ Qxf7 23. Bxb6 Bg7 24. Nd5 Bxb2 25. g6 Qg7 26. Rb1 Bc3+ 27. Kd1 Bd4
28. Nc7+ Ke7 29. Rf1 Bxb6 30. Rf7+ Qxf7 31. gxf7 Bxc7 32. Rb3 Rh1+ 33. Kd2 Ba5+
34. c3 Rah8 35. Qg4 R1h2+ 36. Kd1 Rf2 37. Ke1 Bb6 38. Qg1 Re2+ 39. Kxe2 Bxg1
40. c4 Rh2+ 41. Kf1 Bc5 42. cxb5 axb5 0-1

[Event "Doha 2006"]
[Site "Doha"]
[Date "2006.12.07"]
[Round "2"]
[White "Rimawi, B  T(JOR)."]
[Black "Surbir, L.(NEP)."]
[Result "1-0"]
[WhiteElo "2308"]
[BlackElo "2095"]
[PlyCount "89"]
[EventDate "2006.??.??"]
[WhiteTeam "Jordanien"]
[BlackTeam "Nepal"]
[WhiteTeamCountry "JOR"]
[BlackTeamCountry "NEP"]

1. Nf3 c5 2. e4 d6 3. d4 cxd4 4. Nxd4 Nf6 5. Nc3 a6 6. Bg5 e5 7. Nf5 Bxf5 8.
exf5 Nbd7 9. Bc4 Be7 10. Bb3 O-O 11. Qe2 b5 12. O-O-O b4 13. Ne4 Nxe4 14. Bxe7
Qxe7 15. Qxe4 Nc5 16. Qg4 Nxb3+ 17. axb3 a5 18. Rd3 Rfc8 19. Rhd1 Rc6 20. Qe4
Rac8 21. R1d2 h6 22. Kb1 Qf6 23. Rd5 a4 24. bxa4 Rc4 25. Qd3 e4 26. Qe2 Kh7 27.
b3 e3 28. Qxe3 Rc3 29. Qe4 R8c6 30. Qxb4 Qe7 31. Qd4 Qe1+ 32. Kb2 Qg1 33. g3 f6
34. h4 Qg2 35. Qxc3 Rxc3 36. Kxc3 Qf3+ 37. Kb2 Qe4 38. a5 Qe7 39. a6 Kg8 40.
Ra5 Qa7 41. Rxd6 Qc7 42. Rad5 Kh7 43. Rd7 Qb8 44. a7 Qa8 45. h5 1-0

[Event "Doha 2006"]
[Site "Doha"]
[Date "2006.12.08"]
[Round "3"]
[White "Al-Modiahki, M. (QAT)."]
[Black "Sasikiran, K.(IND)."]
[Result "0-1"]
[WhiteElo "2550"]
[BlackElo "2675"]
[PlyCount "132"]
[EventDate "2006.??.??"]
[WhiteTeam "Qatar"]
[BlackTeam "Indien"]
[WhiteTeamCountry "QAT"]
[BlackTeamCountry "IND"]

1. e4 c5 2. Nf3 d6 3. d4 cxd4 4. Nxd4 Nf6 5. Nc3 a6 6. Be3 e6 7. f3 b5 8. Qd2
b4 9. Na4 Nbd7 10. c4 bxc3 11. Nxc3 Bb7 12. Bc4 Qc7 13. Bb3 Rc8 14. O-O Qb8 15.
Ba4 Be7 16. Bg5 Rc7 {Diagram #} 17. Bxf6 Bxf6 18. Nxe6 fxe6 19. Qxd6 Rc6 20.
Qxb8+ Nxb8 21. Rfd1 Ke7 22. Bxc6 Nxc6 23. Na4 Bg5 24. Kf2 Rb8 25. b3 a5 26. Kg3
Rf8 27. Nb6 Ne5 28. Nc4 Nxc4 29. bxc4 Be3 30. Rab1 Bc6 31. Rd3 Bc5 32. h4 e5
33. Kh2 a4 34. Kg3 g6 35. Kh2 Rc8 36. g3 h6 37. Kg2 Rf8 38. Rdd1 Rc8 39. Rd3
Bd4 40. Rb4 Kd6 41. a3 Kc5 42. Kf1 Rf8 43. Kg2 Rf7 44. Rd1 g5 45. hxg5 hxg5 46.
g4 Rb7 47. Rxb7 Bxb7 48. Rb1 Bc6 49. Kf1 Kxc4 50. Ke2 Bb5 51. Rb4+ Kc5+ 52. Kd2
Kc6 53. Rb1 Bc5 54. Rc1 Kb6 55. Rc3 Bd7 56. Rd3 Be6 57. Rd8 Bxa3 58. Re8 Bb4+
59. Kc1 Bf7 60. Rb8+ Kc5 61. Kc2 Bc4 62. Ra8 Bb3+ 63. Kb2 Kd4 64. Rd8+ Ke3 65.
Re8 Bc5 66. Kc3 Bd4+ 0-1

[Event "Doha 2006"]
[Site "Doha"]
[Date "2006.12.08"]
[Round "3"]
[White "Harikrishna, P. (IND)."]
[Black "Al Sayed, M. N.(QAT)."]
[Result "1-0"]
[WhiteElo "2674"]
[BlackElo "2486"]
[PlyCount "77"]
[EventDate "2006.??.??"]
[WhiteTeam "Indien"]
[BlackTeam "Qatar"]
[WhiteTeamCountry "IND"]
[BlackTeamCountry "QAT"]

1. e4 c6 2. d4 d5 3. e5 Bf5 4. Nd2 e6 5. Nb3 Nd7 6. Nf3 h6 7. Be2 Ne7 8. O-O
Bh7 9. Bd2 Nf5 10. c4 dxc4 11. Na5 Qb8 12. Nxc4 Nb6 13. Nxb6 axb6 14. Qb3 Qd8
15. d5 exd5 16. Bd3 Be7 17. Rfe1 Qc8 18. Bb4 c5 19. Bb5+ Kf8 20. Qxd5 cxb4 21.
Rac1 Bc5 22. Bd7 Ne7 23. Qd2 Qd8 24. e6 Bf5 25. Qf4 Ra5 26. Red1 g5 27. Qc4 Kg7
28. a3 {Diagram #} b3 29. Qxb3 f6 30. Qc4 Qc7 31. b4 Rxa3 32. bxc5 bxc5 33. Nd4
Ra5 34. Bb5 Rd8 35. h3 Bg6 36. Nb3 Raa8 37. Rd7 Rxd7 38. exd7 Rd8 39. Nxc5 1-0

[Event "Doha 2006"]
[Site "Doha"]
[Date "2006.12.08"]
[Round "3"]
[White "Dao Thien, Hai (VIE)"]
[Black "Kasimdzhanov, R. (UZB)."]
[Result "1/2-1/2"]
[WhiteElo "2557"]
[BlackElo "2672"]
[PlyCount "39"]
[EventDate "2006.??.??"]
[WhiteTeam "Vietnam"]
[BlackTeam "Uzbekistan"]
[WhiteTeamCountry "VIE"]
[BlackTeamCountry "UZB"]

1. d4 Nf6 2. Nf3 d5 3. c4 e6 4. Nc3 c6 5. e3 Nbd7 6. Qc2 Bd6 7. b3 O-O 8. Be2
dxc4 9. bxc4 e5 10. O-O Re8 11. Rd1 Qe7 12. a4 exd4 13. exd4 Nf8 14. h3 Ng6 15.
Bf1 Qc7 16. Rb1 h6 17. Bd2 Bd7 18. Re1 Rxe1 19. Rxe1 Re8 20. Rxe8+ 1/2-1/2

[Event "Doha 2006"]
[Site "Doha"]
[Date "2006.12.08"]
[Round "3"]
[White "Barsov Alexei, A. (UZB)."]
[Black "Nguyen Anh, D. (VIE)."]
[Result "0-1"]
[WhiteElo "2541"]
[BlackElo "2541"]
[PlyCount "59"]
[EventDate "2006.??.??"]
[WhiteTeam "Uzbekistan"]
[BlackTeam "Vietnam"]
[WhiteTeamCountry "UZB"]
[BlackTeamCountry "VIE"]

1. d4 d5 2. c4 c6 3. Nf3 Nf6 4. Nc3 dxc4 5. a4 Bf5 6. Ne5 Nbd7 7. Nxc4 Qc7 8.
Bg5 e5 9. e3 Ne4 10. Bd3 Bb4 11. O-O Bxc3 12. Bxe4 Bxe4 13. bxc3 f6 14. dxe5
O-O-O 15. Nd6+ Kb8 16. exf6 Ne5 17. Qd4 gxf6 18. Qxe4 fxg5 19. Qxe5 Qxd6 20.
Qxg5 Ka8 21. Qh5 Qd3 22. Rad1 Qxc3 23. Rxd8+ Rxd8 24. Qxh7 a5 25. Rb1 b5 26.
Qc7 Rd5 27. h4 b4 28. e4 Rd4 29. Qxa5+ Kb7 30. f3 {On Time} 0-1

[Event "Doha 2006"]
[Site "Doha"]
[Date "2006.12.08"]
[Round "3"]
[White "Nguyen Thi, T.A.(VIE)."]
[Black "Sabirova, O. (UZB)."]
[Result "1/2-1/2"]
[WhiteElo "2312"]
[BlackElo "2230"]
[PlyCount "56"]
[EventDate "2006.??.??"]
[WhiteTeam "Vietnam"]
[BlackTeam "Uzbekistan"]
[WhiteTeamCountry "VIE"]
[BlackTeamCountry "UZB"]

1. d4 Nf6 2. c4 g6 3. Nc3 Bg7 4. e4 d6 5. Be2 O-O 6. Bg5 Na6 7. h4 e5 8. d5 h6
9. Be3 Nc5 10. Qc2 c6 11. h5 cxd5 12. cxd5 Bd7 13. hxg6 fxg6 14. Bxh6 Bxh6 15.
Rxh6 Kg7 16. Rh1 Rc8 17. Qd2 Rh8 18. Rxh8 Qxh8 19. Qe3 Qh1 20. Kf1 a5 21. a4
Rf8 22. Bf3 Nb3 23. Rd1 Nd4 24. Rxd4 exd4 25. Qxd4 Qh6 26. Nge2 Qh1+ 27. Ng1
Qh6 28. Nge2 Qh1+ 1/2-1/2

[Event "Doha 2006"]
[Site "Doha"]
[Date "2006.12.08"]
[Round "3"]
[White "Bu, Xiangzhi (CHN)"]
[Black "Ghaem M., E. (IRI)."]
[Result "1-0"]
[WhiteElo "2671"]
[BlackElo "2581"]
[PlyCount "89"]
[EventDate "2006.??.??"]
[WhiteTeam "China"]
[BlackTeam "Iran"]
[WhiteTeamCountry "CHN"]
[BlackTeamCountry "IRI"]

1. d4 Nf6 2. c4 e6 3. Nc3 Bb4 4. Qc2 O-O 5. a3 Bxc3+ 6. Qxc3 b6 7. Bg5 Bb7 8.
e3 d6 9. Ne2 Nbd7 10. Rd1 Qe7 11. Qc2 c5 12. Nc3 h6 13. Bh4 Rac8 14. d5 exd5
15. cxd5 a6 16. a4 Ne5 17. Be2 Ng6 18. Bg3 Rfe8 19. O-O Rb8 20. Rfe1 Bc8 21. e4
Qc7 22. b3 Nf8 23. f4 Bg4 24. Bxg4 Nxg4 25. e5 c4 26. b4 b5 27. Qe2 Nf6 28.
axb5 axb5 29. Qf3 N6d7 30. Kh1 Qd8 31. Ra1 Nb6 32. Ra7 Ra8 33. Rxa8 Qxa8 34.
Bf2 Qb8 35. h3 dxe5 36. Bxb6 Qxb6 37. fxe5 Ng6 38. Qg3 Qb8 39. d6 Kh7 40. Nd5
Rd8 41. Qf3 Kg8 42. Qf5 Qb7 43. e6 fxe6 44. Rxe6 Rf8 45. Qe4 1-0

[Event "Doha 2006"]
[Site "Doha"]
[Date "2006.12.08"]
[Round "3"]
[White "Zhao, Xue (CHN)"]
[Black "Pourkashian, A. (IRI)."]
[Result "1-0"]
[WhiteElo "2467"]
[BlackElo "2329"]
[PlyCount "111"]
[EventDate "2006.??.??"]
[WhiteTeam "China"]
[BlackTeam "Iran"]
[WhiteTeamCountry "CHN"]
[BlackTeamCountry "IRI"]

1. d4 d5 2. c4 e6 3. Nc3 Nf6 4. Bg5 Be7 5. Nf3 O-O 6. e3 Nbd7 7. Qc2 c5 8. Rd1
Qa5 9. cxd5 Nxd5 10. Bxe7 Nxe7 11. Bd3 Nf6 12. O-O cxd4 13. Nxd4 Bd7 14. Ne4
Ned5 15. Nb3 Qd8 16. Qd2 Ba4 17. Nec5 Bxb3 18. Nxb3 Qe7 19. a3 e5 20. Rc1 Rac8
21. Bf5 Rxc1 22. Rxc1 Rd8 23. Qc2 g6 24. Bh3 h5 25. g3 Kg7 26. Na5 Re8 27. b4
Rd8 28. Rd1 Re8 29. Bg2 e4 30. Rd4 Nb6 31. Qb2 Kg8 32. Nb3 Nbd7 33. Nd2 Ne5 34.
Nxe4 Nc6 35. Rc4 Nxe4 36. Rxe4 Qd7 37. Rxe8+ Qxe8 38. Qc3 Qd7 39. Bf3 Kh7 40.
h4 a6 41. Kg2 Kg8 42. a4 Nd8 43. Qb3 Nc6 44. Qb2 Qe7 45. b5 Ne5 46. Bd5 Nd3 47.
Qb1 Qa3 48. Bxb7 axb5 49. axb5 Qc3 50. Be4 Nc5 51. b6 Qe5 52. b7 Qb8 53. Qc2
Na6 54. Qc8+ Kg7 55. Bd3 Qe5 56. Bxa6 1-0

[Event "Doha 2006"]
[Site "Doha"]
[Date "2006.12.08"]
[Round "3"]
[White "Hossain, E. (BAN)."]
[Black "Adianto, U. (INA)."]
[Result "0-1"]
[WhiteElo "2503"]
[BlackElo "2589"]
[PlyCount "100"]
[EventDate "2006.??.??"]
[WhiteTeam "Bangladesch"]
[BlackTeam "Indonesien"]
[WhiteTeamCountry "BAN"]
[BlackTeamCountry "INA"]

1. e4 c6 2. d4 d5 3. Nc3 dxe4 4. Nxe4 Bf5 5. Ng3 Bg6 6. h4 h6 7. Nf3 Nd7 8. h5
Bh7 9. Bd3 Bxd3 10. Qxd3 e6 11. Bf4 Ngf6 12. O-O-O Qa5 13. Kb1 Be7 14. Ne5 Rd8
15. Ne4 Nxe5 16. Bxe5 Nxe4 17. Qxe4 Bf6 18. f4 Bxe5 19. fxe5 Rd7 20. Qg4 O-O
21. Rh3 f5 22. exf6 Rxf6 23. a3 Qf5 24. Qe2 Qf2 25. Qe4 Qf4 26. Re3 Kf7 27. c3
Qxe4+ 28. Rxe4 Rf2 29. g4 c5 30. Kc1 Kf6 31. dxc5 Rxd1+ 32. Kxd1 Rxb2 33. Rf4+
Kg5 34. Rb4 Rxb4 35. cxb4 Kf4 36. Kd2 Ke4 37. Kc3 Kd5 38. Kd3 e5 39. Ke3 a6 40.
Kd3 a5 41. Kc3 e4 42. Kd2 axb4 43. axb4 Kc4 44. Ke3 Kxb4 45. Kxe4 Kxc5 46. g5
hxg5 47. Kf5 Kd6 48. Kxg5 Ke7 49. Kf5 Kf7 50. Ke5 Kg8 0-1

[Event "Doha 2006"]
[Site "Doha"]
[Date "2006.12.08"]
[Round "3"]
[White "Megaranto, S. (INA)."]
[Black "Reefat, B.S. (BAN)."]
[Result "1-0"]
[WhiteElo "2492"]
[BlackElo "2489"]
[PlyCount "119"]
[EventDate "2006.??.??"]
[WhiteTeam "Indonesien"]
[BlackTeam "Bangladesch"]
[WhiteTeamCountry "INA"]
[BlackTeamCountry "BAN"]

1. d4 d5 2. Nf3 Nf6 3. c4 c6 4. Nc3 dxc4 5. a4 Bf5 6. e3 e6 7. Bxc4 Bb4 8. O-O
O-O 9. Qe2 Nbd7 10. e4 Bg6 11. Bd3 h6 12. Bf4 Re8 13. h3 Rc8 14. Rfd1 a6 15.
Rac1 Qa5 16. Bh2 b5 17. axb5 cxb5 18. Nb1 Qb6 19. Qe3 Qb7 20. Nbd2 Rxc1 21.
Rxc1 Rc8 22. Rd1 Nb6 23. Be5 Nfd7 24. Qe2 f6 25. Bf4 Bf7 26. Nf1 Nc4 27. e5
fxe5 28. dxe5 Nf8 29. N1h2 Bg6 30. Ng4 Nb6 31. Bxg6 Nxg6 32. Bg3 Nd5 33. Qe4
Nf8 34. Ne3 a5 35. Nxd5 exd5 36. Qf5 Re8 37. Qh5 Rc8 38. Nd4 Qf7 39. Qe2 Bc5
40. Nxb5 Qe6 41. Qd3 Ng6 42. Qxd5 Qxd5 43. Rxd5 h5 44. Nd6 Rc6 45. h4 Ne7 46.
Rd3 Bb4 47. b3 Rc1+ 48. Kh2 Rc2 49. Ne4 Nf5 50. Nd6 Nxg3 51. Kxg3 Re2 52. Re3
Rxe3+ 53. fxe3 Be1+ 54. Kf4 Bxh4 55. Kf5 Bd8 56. Kg6 h4 57. Nf5 Bc7 58. e6 Kf8
59. e7+ Ke8 60. Kxg7 1-0

[Event "Doha 2006"]
[Site "Doha"]
[Date "2006.12.08"]
[Round "3"]
[White "Akter, S.  (BAN)."]
[Black "Sukandar, I. Kh. (INA)"]
[Result "0-1"]
[WhiteElo "2096"]
[BlackElo "2239"]
[PlyCount "96"]
[EventDate "2006.??.??"]
[WhiteTeam "Bangladesch"]
[BlackTeam "Indonesien"]
[WhiteTeamCountry "BAN"]
[BlackTeamCountry "INA"]

1. d4 d5 2. c4 c6 3. Nc3 Nf6 4. Nf3 e6 5. e3 Nbd7 6. Qc2 Bd6 7. Bd3 O-O 8. O-O
e5 9. cxd5 cxd5 10. Nb5 Bb8 11. dxe5 Nxe5 12. Nxe5 Bxe5 13. Bd2 Re8 14. h3 Bd7
15. Bc3 Rc8 16. Qb3 Bb8 17. Bd4 a6 18. Nc3 Bc6 19. Rad1 Qd6 20. f4 Nd7 21. Qc2
h6 22. Bh7+ Kh8 23. Bf5 Qe7 24. Qf2 Rcd8 25. Bb1 Bd6 26. Rc1 Nc5 27. Qg3 Ne6
28. Bb6 Bc7 29. Bxc7 Nxc7 30. Rce1 Qf6 31. Ne2 Qxb2 32. Nd4 Nb5 33. f5 Nxd4 34.
f6 Ne6 35. Qh4 Ng5 36. Qg4 Bd7 37. Qh5 Re5 38. fxg7+ Kxg7 39. Rxf7+ Nxf7 40.
Qg6+ Kf8 41. Rf1 Be6 42. Qf6 Rd7 43. Bg6 Qc3 44. Qh8+ Ke7 45. Qf6+ Kd6 46. e4
Qe3+ 47. Kh1 Qg5 48. Bxf7 Qxf6 0-1

[Event "Doha 2006"]
[Site "Doha"]
[Date "2006.12.08"]
[Round "3"]
[White "Batchuluun, C. (MGL)."]
[Black "Sadvakasov, D. (KAZ)."]
[Result "0-1"]
[WhiteElo "2404"]
[BlackElo "2596"]
[PlyCount "112"]
[EventDate "2006.??.??"]
[WhiteTeam "Mongolei"]
[BlackTeam "Kazakhstan"]
[WhiteTeamCountry "MGL"]
[BlackTeamCountry "KAZ"]

1. d4 Nf6 2. c4 e6 3. Nf3 b6 4. g3 Ba6 5. b3 Bb4+ 6. Bd2 Be7 7. Bg2 c6 8. Bc3
d5 9. Ne5 Nfd7 10. Nxd7 Nxd7 11. Nd2 O-O 12. O-O Nf6 13. e4 b5 14. Re1 dxe4 15.
Bf1 bxc4 16. bxc4 c5 17. dxc5 Qc8 18. Nxe4 Nxe4 19. Rxe4 Bb7 20. Rg4 f6 21. Bg2
Bxg2 22. Kxg2 e5 23. Rh4 Rd8 24. Qh5 h6 25. Qg6 Kh8 26. Re1 Qc6+ 27. Kg1 Rac8
28. Ba5 Rd7 29. Qf5 Bxc5 30. Rhe4 Bd4 31. Bd2 Rcd8 32. Ba5 Rb8 33. R1e2 Rb1+
34. Kg2 Rc1 35. Bd2 Rxc4 36. f3 Bb6 37. Bxh6 Rxe4 38. Rxe4 gxh6 39. Rg4 Rd2+
40. Kh3 Bg1 41. Rg8+ Kxg8 42. Qg6+ Kf8 43. Qxh6+ Ke7 44. Qxd2 Qd7+ 45. Qxd7+
Kxd7 46. Kg2 Bc5 47. h4 Ke6 48. Kf1 e4 49. fxe4 Ke5 50. Kg2 Kxe4 51. g4 Kf4 52.
Kh3 Be7 53. g5 fxg5 54. hxg5 Bxg5 55. Kg2 Ke3 56. Kf1 Kd2 0-1

[Event "Doha 2006"]
[Site "Doha"]
[Date "2006.12.08"]
[Round "3"]
[White "Kazhgaleyev, M. (KAZ)."]
[Black "Gundavaa, B. (MGL)."]
[Result "1-0"]
[WhiteElo "2609"]
[BlackElo "2237"]
[PlyCount "57"]
[EventDate "2006.??.??"]
[WhiteTeam "Kazakhstan"]
[BlackTeam "Mongolei"]
[WhiteTeamCountry "KAZ"]
[BlackTeamCountry "MGL"]

1. d4 d5 2. c4 c6 3. Nf3 Nf6 4. e3 e6 5. Bd3 Nbd7 6. O-O dxc4 7. Bxc4 b5 8. Bd3
Bb7 9. e4 a6 10. a4 b4 11. Nbd2 Be7 12. e5 Nd5 13. Ne4 h6 14. Nfd2 c5 15. Nc4
Kf8 16. Ned6 Bxd6 17. Nxd6 Bc6 18. Qh5 Qe7 19. Bd2 N5f6 20. Qe2 a5 21. Rfc1 Nd5
22. dxc5 f6 23. exf6 Qxf6 24. Bb5 Ne7 25. Bxc6 Nxc6 26. Qe4 Ra6 27. Re1 Nxc5
28. Qc2 Nd7 29. Qc4 {Diagram #} 1-0

[Event "Doha 2006"]
[Site "Doha"]
[Date "2006.12.08"]
[Round "3"]
[White "Mongontuul, B. (MGL)."]
[Black "Aketaeva, D. (KAZ)."]
[Result "1-0"]
[WhiteElo "2383"]
[BlackElo "2312"]
[PlyCount "71"]
[EventDate "2006.??.??"]
[WhiteTeam "Mongolei"]
[BlackTeam "Kazakhstan"]
[WhiteTeamCountry "MGL"]
[BlackTeamCountry "KAZ"]

1. e4 e5 2. Nf3 Nc6 3. Nc3 Nf6 4. Bb5 Nd4 5. Ba4 c6 6. Nxe5 b5 7. Bb3 Nxb3 8.
axb3 b4 9. Nb1 Bd6 10. Nc4 Bc7 11. O-O d5 12. exd5 cxd5 13. Re1+ Be6 14. Ne5 d4
15. d3 O-O 16. Nd2 Re8 17. Ndc4 h6 18. Bf4 Ng4 19. Qf3 Qf6 20. Nxg4 Qxf4 21.
Qxf4 Bxf4 22. Nge5 Bd5 23. Ra5 Rad8 24. g3 Bg5 25. f4 Bf6 26. Kf2 g5 {Diagram #
} 27. Nd7 Rxd7 28. Rxe8+ Kg7 29. f5 g4 30. Ne5 Bxe5 31. Rxe5 Bf3 32. Rac5 Kf6
33. Re8 h5 34. Rh8 Kg7 35. Rxh5 f6 36. Rc8 1-0

[Event "Doha 2006"]
[Site "Doha"]
[Date "2006.12.08"]
[Round "3"]
[White "Annaberdiev, M. (TKM)."]
[Black "Hakki, Imad (SYR)"]
[Result "1-0"]
[WhiteElo "2457"]
[BlackElo "2447"]
[PlyCount "131"]
[EventDate "2006.??.??"]
[WhiteTeam "Turkmenistan"]
[BlackTeam "Syrien"]
[WhiteTeamCountry "TKM"]
[BlackTeamCountry "SYR"]

1. d4 Nf6 2. Nf3 g6 3. Bg5 Bg7 4. c3 d6 5. Nbd2 O-O 6. e4 h6 7. Bh4 c5 8. dxc5
dxc5 9. Bc4 Nc6 10. Qe2 Nh5 11. Qe3 b6 12. O-O Qc7 13. Rfe1 g5 14. Bxg5 hxg5
15. Qxg5 Nf6 16. e5 Ng4 17. Bd5 Rb8 18. e6 Nh6 19. exf7+ Nxf7 20. Qg6 e6 21.
Be4 Rd8 22. Bxc6 Qxc6 23. Ne4 Nh8 24. Nf6+ Kf8 25. Qg5 Nf7 26. Nh7+ Kg8 27. Qg6
Nh8 28. Qg3 Kxh7 29. Qh4+ Bh6 30. Qe7+ Bg7 31. Qh4+ Bh6 32. Qxd8 Nf7 33. Qf6
Rb7 34. Nh4 Bg7 35. Qg6+ Kg8 36. Rad1 Bd7 37. Rd3 e5 38. Qh5 Qh6 39. Qf3 Bc6
40. Qg4 Nd6 41. Ng6 Bd7 42. Qg3 Nf5 43. Qf3 Qxg6 44. Qxb7 Bc6 45. Qb8+ Bf8 {
Diagram #} 46. Rg3 Nxg3 47. hxg3 Qd6 48. Qc8 Qd5 49. f3 c4 50. Kh2 Kg7 51. Re4
Bd7 52. Qxc4 Qd6 53. Rh4 Be7 54. Rh5 Be8 55. Qg4+ Bg6 56. f4 exf4 57. gxf4 Qd2
58. Rh3 Kf7 59. Rh6 Qc2 60. Rh3 Qxb2 61. Re3 Qxa2 62. f5 Bd6+ 63. Kh3 Bh7 64.
Qh5+ Kg7 65. f6+ Kxf6 66. Qxh7 1-0

[Event "Doha 2006"]
[Site "Doha"]
[Date "2006.12.08"]
[Round "3"]
[White "Bakr, Jwan (SYR)"]
[Black "Amanov, M. (TKM)."]
[Result "1-0"]
[WhiteElo "2335"]
[BlackElo "2339"]
[PlyCount "49"]
[EventDate "2006.??.??"]
[WhiteTeam "Syrien"]
[BlackTeam "Turkmenistan"]
[WhiteTeamCountry "SYR"]
[BlackTeamCountry "TKM"]

1. e4 c5 2. Nf3 d6 3. d4 cxd4 4. Nxd4 Nf6 5. Nc3 a6 6. Be2 e6 7. g4 Nc6 8. g5
Nd7 9. Be3 Be7 10. h4 Qc7 11. Qd2 Na5 12. O-O-O Ne5 13. Nf5 Nac4 14. Nxg7+ Kf8
15. Bxc4 Nxc4 16. Qd4 e5 17. Qd3 Nxe3 18. Qxe3 Kxg7 19. Nd5 Qd8 20. f4 exf4 21.
Qd4+ Kg8 22. e5 dxe5 23. Qxe5 Be6 {Diagram #} 24. Nf6+ Bxf6 25. gxf6 1-0

[Event "Doha 2006"]
[Site "Doha"]
[Date "2006.12.08"]
[Round "3"]
[White "Geldyeva, M. (TKM)."]
[Black "Mir Mahmoud, A.(SYR)."]
[Result "0-1"]
[WhiteElo "2273"]
[BlackElo "1983"]
[PlyCount "110"]
[EventDate "2006.??.??"]
[WhiteTeam "Turkmenistan"]
[BlackTeam "Syrien"]
[WhiteTeamCountry "TKM"]
[BlackTeamCountry "SYR"]

1. d4 d5 2. c4 c6 3. Nc3 Nf6 4. Nf3 dxc4 5. a4 Bf5 6. Ne5 e6 7. e3 Bb4 8. Bxc4
Nbd7 9. Nf3 O-O 10. O-O Qc7 11. Qb3 Bd6 12. h3 Nb6 13. Be2 h6 14. Bd2 Rad8 15.
Rfc1 Qb8 16. Be1 Rfe8 17. a5 Nbd7 18. Bc4 Re7 19. Ne2 e5 20. dxe5 Nxe5 21. Nxe5
Bxe5 22. Bb4 Red7 23. Bc5 Ne4 24. Bb4 c5 25. Be1 Qd6 26. Bb5 Rc7 27. Rd1 Qf6
28. Rxd8+ Qxd8 29. Rd1 Qf6 30. Nc3 Nxc3 31. Bxc3 Bxc3 32. bxc3 Qg5 33. Qd5 Be6
34. Qd6 Qe7 35. Qd3 c4 36. Qd8+ Qxd8 37. Rxd8+ Kh7 38. e4 Rc5 39. Bd7 Rxa5 40.
f4 b5 41. Bxe6 fxe6 42. Rd6 Ra3 43. Rxe6 Rxc3 44. Ra6 b4 45. Rxa7 b3 46. Rb7
Rc2 47. f5 b2 48. Kh2 Kg8 49. e5 Re2 50. e6 c3 51. Rb8+ Kh7 52. Rb7 Kg8 53.
Rb8+ Kh7 54. Rb7 Re1 55. f6 Rxe6 0-1

[Event "Doha 2006"]
[Site "Doha"]
[Date "2006.12.08"]
[Round "3"]
[White "Samhouri, A. (JOR)."]
[Black "Ayyad, M. (BRN)."]
[Result "1-0"]
[WhiteElo "2322"]
[BlackElo "2137"]
[PlyCount "71"]
[EventDate "2006.??.??"]
[WhiteTeam "Jordanien"]
[BlackTeam "BRN"]
[WhiteTeamCountry "JOR"]

1. e4 c5 2. Nf3 e6 3. d4 cxd4 4. Nxd4 Nf6 5. Nc3 Nc6 6. Nxc6 bxc6 7. e5 Nd5 8.
Ne4 Qc7 9. f4 Qb6 10. c4 Bb4+ 11. Ke2 Ba6 12. Kf3 f5 13. Nf2 Ne7 14. Be3 Bc5
15. Bxc5 Qxc5 16. Qd6 Qb6 17. Rd1 Rd8 18. b4 Bb7 19. Qc5 Nc8 20. Be2 d6 21.
exd6 Rxd6 22. Rxd6 Nxd6 23. Qe5 c5+ 24. Kg3 Nf7 25. Qxc5 Qxc5 26. bxc5 Ke7 27.
Rb1 Bc6 28. Bf3 Rc8 29. Bxc6 Rxc6 30. Rb7+ Kf6 31. Nd3 Ra6 32. c6 Nd6 33. c5
Ne4+ 34. Kf3 Rxc6 35. Ne5 Ng5+ 36. Ke2 1-0

[Event "Doha 2006"]
[Site "Doha"]
[Date "2006.12.08"]
[Round "3"]
[White "Ayyad, H. A.(BRN)."]
[Black "Rimawi, B. T(JOR)."]
[Result "1-0"]
[WhiteElo "2003"]
[BlackElo "2308"]
[PlyCount "115"]
[EventDate "2006.??.??"]
[WhiteTeam "BRN"]
[BlackTeam "Jordanien"]
[BlackTeamCountry "JOR"]

1. e4 d6 2. d4 Nf6 3. Nc3 g6 4. h3 Bg7 5. Nf3 O-O 6. Be3 e5 7. dxe5 dxe5 8. Bc4
Nbd7 9. O-O Qe7 10. a3 c6 11. b4 h6 12. Qd2 Kh7 13. Rfd1 Nh5 14. Bb3 Nf4 15. g3
Nh5 16. Kg2 Re8 17. Qd3 Nf8 18. Bc5 Qf6 19. Bd6 Ne6 20. Ne2 Rd8 21. Qc3 Rxd6
22. Rxd6 Nef4+ 23. Nxf4 Nxf4+ 24. gxf4 Qxd6 25. fxe5 Qd7 26. Rh1 g5 27. Qd3 g4
28. hxg4 Qxg4+ 29. Kf1 Qf4 30. Bxf7 Bg4 31. Bh5 Be6 32. Qd6 Bc4+ 33. Kg2 Qxe4
34. Rh4 Qf5 35. Bg4 Qf4 36. Be6 Bf1+ 37. Kxf1 Qxf3 38. Bc4 Rf8 39. Qd3+ Kh8 40.
Qxf3 Rxf3 41. e6 Bf6 42. Re4 Be7 43. Rd4 Kg7 44. Rd7 Kf6 45. Bb3 a5 46. bxa5
Rf5 47. Rxb7 Rxa5 48. a4 h5 49. Rd7 Rf5 50. Kg2 h4 51. Rd3 Bc5 52. f3 Bb6 53.
Rd7 Bc5 54. Rf7+ Kg6 55. Kh3 Rxf7 56. exf7 Kg7 57. a5 Bf2 58. a6 1-0

[Event "Doha 2006"]
[Site "Doha"]
[Date "2006.12.08"]
[Round "3"]
[White "Russell, M K A (SRI)."]
[Black "Talib, M. (UAE)."]
[Result "1/2-1/2"]
[WhiteElo "2234"]
[BlackElo "2365"]
[PlyCount "51"]
[EventDate "2006.??.??"]
[WhiteTeam "Sri Lanka"]
[BlackTeam "United Arab Emirates"]
[WhiteTeamCountry "SRI"]
[BlackTeamCountry "UAE"]

1. Nf3 Nf6 2. d4 e6 3. g3 c5 4. Bg2 Nc6 5. O-O d5 6. c4 dxc4 7. Qa4 cxd4 8.
Nxd4 Qxd4 9. Bxc6+ bxc6 10. Qxc6+ Qd7 11. Qxa8 Bc5 12. Nc3 O-O 13. Qf3 Bb7 14.
Rd1 Bxf3 15. Rxd7 Nxd7 16. exf3 Ne5 17. f4 Ng4 18. Ne4 Bd4 19. h3 f5 20. Ng5
Rb8 21. Nxe6 Bxf2+ 22. Kg2 Ne3+ 23. Kxf2 Nc2 24. Rb1 Na3 25. Ra1 Nc2 26. Rb1
1/2-1/2

[Event "Doha 2006"]
[Site "Doha"]
[Date "2006.12.08"]
[Round "3"]
[White "Hassan, A. (UAE)."]
[Black "Anuruddha, G C (SRI)."]
[Result "1/2-1/2"]
[WhiteElo "2311"]
[BlackElo "2204"]
[PlyCount "128"]
[EventDate "2006.??.??"]
[WhiteTeam "United Arab Emirates"]
[BlackTeam "Sri Lanka"]
[WhiteTeamCountry "UAE"]
[BlackTeamCountry "SRI"]

1. d4 Nf6 2. Nf3 g6 3. c4 d5 4. Nc3 Bg7 5. Bf4 O-O 6. Rc1 c6 7. e3 Bg4 8. h3
Bxf3 9. Qxf3 Qa5 10. a3 Nbd7 11. Bh2 Rac8 12. Qd1 Ne4 13. Bd3 Nxc3 14. bxc3
Qxa3 15. O-O dxc4 16. Bxc4 e5 17. Qc2 Qe7 18. Qa2 a6 19. Rb1 b5 20. Be2 Ra8 21.
Bf3 e4 22. Be2 c5 23. dxc5 Qxc5 24. c4 Be5 25. Bxe5 Nxe5 26. cxb5 axb5 27. Qb2
Rfb8 28. Rfc1 Qe7 29. Qd4 Ra2 30. Rc5 Nd3 31. Bxd3 exd3 32. Rcxb5 Rxb5 33. Rxb5
Qc7 34. Qxd3 Qc1+ 35. Qf1 Qc3 36. Rb8+ Kg7 37. Rb1 Qc2 38. Qe1 h5 39. Rc1 Qf5
40. Qc3+ Kh7 41. Rf1 Rc2 42. Qd4 Re2 43. Qh4 Kg7 44. g4 hxg4 45. hxg4 Qf3 46.
g5 Rd2 47. Rc1 Rd8 48. Qh6+ Kg8 49. Qh2 Qg4+ 50. Qg2 Rd1+ 51. Rxd1 Qxd1+ 52.
Kh2 Qh5+ 53. Qh3 Qxg5 54. Qc8+ Kg7 55. Qc4 Kg8 56. Qd4 f5 57. Qd5+ Kg7 58. Qd7+
Kg8 59. Qe8+ Kg7 60. Qe5+ Kf7 61. Qg3 Qxg3+ 62. Kxg3 g5 63. f3 Kf6 64. e4 Ke5
1/2-1/2

[Event "Doha 2006"]
[Site "Doha"]
[Date "2006.12.08"]
[Round "3"]
[White "Methmali, Y. (SRI)."]
[Black "Saleh, N. M.(UAE)."]
[Result "0-1"]
[WhiteElo "1895"]
[BlackElo "1879"]
[PlyCount "83"]
[EventDate "2006.??.??"]
[WhiteTeam "Sri Lanka"]
[BlackTeam "United Arab Emirates"]
[WhiteTeamCountry "SRI"]
[BlackTeamCountry "UAE"]

1. e4 c5 2. Nc3 e6 3. Bc4 Nc6 4. Nf3 Nf6 5. Qe2 a6 6. a4 Nd4 7. Nxd4 cxd4 8.
Nd1 d5 9. exd5 Nxd5 10. O-O Be7 11. d3 O-O 12. f4 b6 13. Bd2 Bf6 14. Nf2 Re8
15. Ng4 Be7 16. Kh1 Bb7 17. f5 Bf6 18. Nxf6+ Qxf6 19. Qg4 e5 20. Bg5 Qc6 21. f6
g6 22. Qh3 h5 23. Rf2 e4 24. Kg1 e3 25. Re2 Re5 26. Qh4 Rae8 27. Bxd5 Rxd5 28.
Qg3 Rc5 29. c3 dxc3 30. bxc3 Rxc3 31. Bxe3 Rxd3 32. Qg5 Rdxe3 33. Qh6 Qxf6 34.
Rf1 Qe6 35. Ref2 Qd5 36. Qf4 R3e7 37. Rd2 Qc5+ 38. Kh1 Qe3 39. Qd6 Qe1 40. Rd1
Qe2 41. Qg3 Re3 42. Rf2 0-1